| 000 | 01482nam a22002777a 4500 | ||
|---|---|---|---|
| 003 | DO-SdBNP | ||
| 005 | 20220721091208.0 | ||
| 007 | ta | ||
| 008 | 110301s2013 dr ac 000 0 spa d | ||
| 040 |
_aDO-SdBNP _bspa _cBNPHU |
||
| 082 | 4 |
_axxxx _bR741m |
|
| 100 | 1 |
_aRojas, Flor _953018 |
|
| 245 | 1 | 0 |
_aManual de derechos humanos : _bdesarrollo de las capacidades locales para la promoción de los derechos humanos en la provincia de Bahoruco / _cFlor Rojas ; colaboradores Luisa M. Wiese, José Capellán |
| 260 |
_aBahoruco, República Dominicana : _bMude, _bFuparedeh _c2013. |
||
| 300 |
_a87 p. : _bil., retr. _c28 cm. |
||
| 500 | _aEsta publicación fue financiada por la Unión Europea, a través de la agencia implementadora Mujeres en Desarrollo Dominicana (MUDE), Rep. Dom. Las opiniones expresadas en esta publicación no representan aquellas de la UE, ni MUDE, corresponde a la autora del manual Dra. Flor Rojas. | ||
| 500 | _aEl contenido de esta obra puede ser citado y difundido por cualquier medio. Agradecemos citar la fuente. | ||
| 500 | _aLas fotografías que aparecen en este manual, son propiedad intelectual de sus autores originales. | ||
| 590 | _aInventariado, 2022/ YL | ||
| 700 | 1 | 2 |
_aWiese, Luisa M. _ecol. _982054 |
| 700 | 1 | 2 |
_aCapellán, José _ecol. _982055 |
| 710 | 1 |
_aMujeres en Desarrollo Dominicana (MUDE) _972598 |
|
| 710 | 1 |
_aFundación para la Educación en Derechos Humanos (FUPAREDEH) _982056 |
|
| 910 | _aYLockward | ||
| 942 |
_2ddc _cLBS1 |
||
| 999 |
_c52205 _d52205 |
||